|
|
|
|
| LEADER |
00000nam0a2200000 4500 |
| 001 |
16532 |
| 005 |
20231030190549.0 |
| 035 |
|
|
|a (RuTPU)RU\TPU\book\16657
|
| 035 |
|
|
|a BOOK00016726
|
| 090 |
|
|
|a 16532
|
| 100 |
|
|
|a 20011209d1971 km y0rusy50 ca
|
| 101 |
0 |
|
|a rus
|
| 102 |
|
|
|a RU
|
| 105 |
|
|
|a y z 000zd
|
| 200 |
1 |
|
|a 1859
|
| 210 |
|
|
|d 1971
|
| 215 |
|
|
|a 165 с.
|
| 461 |
|
|
|t "Исторический сборник" Вольной русской типографии в Лондоне А. И. Герцена и Н. П. Огарева
|v Кн. 1
|d 1971
|
| 600 |
|
1 |
|a Огарев
|b Н. П.
|c русский поэт
|f 1813-1877
|g Николай Платонович
|c революционер
|c публицист
|2 stltpush
|3 (RuTPU)RU\TPU\pers\11942
|
| 600 |
|
1 |
|a Герцен
|g Александр Иванович
|f 1812-1870
|c российский революционер
|c писатель
|c философ
|b А. И.
|2 stltpui
|3 (RuTPU)RU\TPU\pers\286
|
| 610 |
1 |
|
|a история
|
| 610 |
1 |
|
|a Россия
|
| 610 |
1 |
|
|a 19 век
|
| 610 |
1 |
|
|a революционное движение
|
| 610 |
1 |
|
|a Вольная русская типография
|
| 675 |
|
|
|a 9(С)14
|v 3
|
| 686 |
|
|
|a Т3(2)472-412.3
|v LBC/SL-A
|2 rubbk
|
| 801 |
|
0 |
|a RU
|b 63413507
|c 20011209
|g PSBO
|
| 801 |
|
2 |
|a RU
|b 63413507
|c 20080314
|g PSBO
|
| 942 |
|
|
|c BK
|